01708cam a22003011 45000010005000000030008000050050017000130080039000300350018000690350018000870400032001050410008001370820020001451000054001652450158002192600061003773000019004385000185004575000423006425040031010655200019010965260014011156500054011297100057011839420012012409990015012529520139012675157BD-RjUL20211208234023.0131224s19621958pau b 001 0 eng a(BD-RjUL)5193 a(OCoLC)498572 aDLCcODaWUdOCoLCdDLCbeng aeng a351.1bSWE 19621 aSweeney, Stephen B.q(Stephen Binnington),91624610aEducation for administrative careers in government service. /cStephen B. Editor: Sweeney. Assistant editor: Thomas J. Davy. Consultant: Lloyd M. Short. aPhiladelphia ;bUniversity of Pennsylvania Press,c1962. a366 p.c22 cm. a"One of a series commemorating the 75th anniversary of the Wharton School and the 20th anniversary of the Fels Institute of Local and State Government, University of Pennsylvania." a"Presents the results of a research-conference program conducted during 1956-1957 ... The program was a cooperative effort of the American Society for Public Administration, the International City Managers' Association, and the Fels Institute of Local and State Government, University of Pennsylvania ... The academic staff of the Fels Institute did the research and prepared the initial drafts of the working papers." aBibliographical footnotes. aIncludes index bSociology 0aPublic administrationxStudy and teaching.9162472 aFels Institute of Local and State Government.916248 2ddccBK c5157d5157 00102ddc40718NFICaRUCLbRUCLcreadingd1968-09-13eZeitlingerg47.60l0o351.1 SWE 1962r2013-12-24 00:00:00tC-1w2013-12-24yBK